Statistiques concernant les animaux d'Amérique du Nord

Cliquez ici pour prendre le quiz!

Statistiques générales

  • Ce quiz a été pris 30 fois
  • Le résultat moyen est 7 sur 52

Statistiques - réponses

FamilleLes animaux d'Amérique du Nord% Correct
FélinPuma
80%
CervidésOrignal / élan
76%
CervidésCaribou / renne
72%
UrsidésOurs brun
72%
CanidésCoyote
56%
UrsidésOurs polaire
44%
RapacePygargue à tête blanche
40%
RapaceAigle royal
36%
ProcyonidaeRaton laveur
32%
CanidésLoup gris
28%
CervidésWapiti
28%
BovidésBœuf musqué
24%
MustélidésCarcajou / glouton
24%
CervidésCerf de Virginie
12%
FalconidaeFaucon pèlerin
12%
MonodontidaeNarval
12%
CanidésRenard polaire
12%
CanidésRenard roux
12%
FélinLynx roux
8%
PhocidésMorse
8%
AmbystomatidaeSalamandre / maculée
8%
AmbystomatidaeSalamandre / marbrée
8%
StrigidésHarfang des neiges / Chouette des Neiges
4%
MustélidésHermine
4%
CanidésLoup arctique
4%
MustélidésLoutre de mer
4%
AlcidésMacareux moine
4%
FélinOcelot
4%
PélécanidésPélican brun
4%
PhocidésPhoque gris
4%
ReptileAlligator d’Amérique
0%
MustélidésBelette d’Europe
0%
BovidésBison d’Amérique du Nord
0%
ReptileCaïman a lunettes
0%
CebidaeCapucin / à face blanche du Panama
0%
CastoridaeCastor du Canada
0%
StrigidésChouette effraie
0%
StrigidésChouette hulotte
0%
ProcyonidaeCoati Brun
0%
PhrynosomatidaeCrapaud cornu du Texas
0%
ReptileCrocodile américain
0%
PhocidésÉléphant de mer du Nord
0%
MustélidésFouine
0%
CuculidésGrand géocoucou
0%
HirundinidésHirondelle rustique
0%
HélodermatidésMonstre de Gila
0%
CaniformiaMouffette rayée
0%
PhocidésPhoque commun
0%
AntilocapridésPronghorn
0%
AmbystomatidaeSalamandre tigrée
0%
LaridésSterne arctique
0%
TapiridaeTapir de Baird
0%

Distribution des résultats

Percentile par nombre de réponses

% des personnes avec chaque résultat

Votre développement - résultats

Vous n’avez pas pris ce quiz